Database management systems (International edition) (Record no. 179318)
[ view plain ]
| 000 -LEADER | |
|---|---|
| fixed length control field | 00496nam a2200169Ia 4500 |
| 008 - FIXED-LENGTH DATA ELEMENTS--GENERAL INFORMATION | |
| fixed length control field | 231217s9999 xx 000 0 und d |
| 020 ## - INTERNATIONAL STANDARD BOOK NUMBER | |
| International Standard Book Number | 72465638 |
| 041 ## - LANGUAGE CODE | |
| Language code of text/sound track or separate title | English |
| 082 ## - DEWEY DECIMAL CLASSIFICATION NUMBER | |
| Classification number | 001.644 RAM;63 |
| 100 ## - MAIN ENTRY--PERSONAL NAME | |
| Personal name | Ramakrishnan, Raghu. Gehrke, Johnnes. |
| 245 #0 - TITLE STATEMENT | |
| Title | Database management systems (International edition) |
| 250 ## - EDITION STATEMENT | |
| Edition statement | 3rd ed. |
| 260 ## - PUBLICATION, DISTRIBUTION, ETC. | |
| Date of publication, distribution, etc. | 2003 |
| Name of publisher, distributor, etc. | McGraw-Hill |
| Place of publication, distribution, etc. | Singapore |
| 300 ## - PHYSICAL DESCRIPTION | |
| Extent | xxxii+1065 |
| 650 ## - SUBJECT ADDED ENTRY--TOPICAL TERM | |
| Topical term or geographic name entry element | Database,management,systems,(International,edition) |
| 942 ## - ADDED ENTRY ELEMENTS (KOHA) | |
| Koha item type | Books |
| Date last seen | Total checkouts | Full call number | Accession number | Uniform resource identifier | Cost, total (INR) price | Price effective from | Category | Lost status | Damaged status | Department | Withdrawn status | Home library | Current library | Shelving location | Entry date | Vendor | Cost, normal purchase price | Grants | Billnumber | Billdate | Currency symbol | Conversion rate | Discount | Old discount |
|---|---|---|---|---|---|---|---|---|---|---|---|---|---|---|---|---|---|---|---|---|---|---|---|---|
| 26/01/2024 | 001.644 RAM;63 | 45653 | digital/contents/49316.pdf | 264.74 | 26/01/2024 | Books | Central Library | Central Library | Central Library | Central Library | 24/08/2007 | Sai Books | 7.75 | MCA | 45 | 27/10/2008 | USD | 42.7 | 1.55 | 20 | ||||
| 26/01/2024 | 001.644 RAM;64 | 45654 | digital/contents/49316.pdf | 264.74 | 26/01/2024 | Books | MCA | Central Library | Central Library | MCA | 24/08/2007 | Sai Books | 7.75 | MCA | 45 | 27/10/2008 | USD | 42.7 | 1.55 | 20 | ||||
| 26/01/2024 | 001.644 RAM;65 | 45655 | digital/contents/49316.pdf | 264.74 | 26/01/2024 | Books | Central Library | Central Library | Central Library | Central Library | 24/08/2007 | Sai Books | 7.75 | MCA | 45 | 27/10/2008 | USD | 42.7 | 1.55 | 20 | ||||
| 26/01/2024 | 001.644 RAM;66 R | 45656 | digital/contents/49316.pdf | 264.74 | 26/01/2024 | Books | Central Library | Central Library | Central Library | Central Library | 24/08/2007 | Sai Books | 7.75 | MCA | 45 | 27/10/2008 | USD | 42.7 | 1.55 | 20 | ||||
| 26/01/2024 | 001.644 RAM;67 | 45657 | digital/contents/49316.pdf | 264.74 | 26/01/2024 | Books | Central Library | Central Library | Central Library | Central Library | 24/08/2007 | Sai Books | 7.75 | MCA | 45 | 27/10/2008 | USD | 42.7 | 1.55 | 20 |
